00656 2200241 4500001002100000005001700021008004100038020002200079035002400101041000800125043001300133082001100146090002100157100002400178245007100202250001000273260003100283300001900314650002000333700002100353850001200374990002800386YOGYA-0711000000039320110708105236.0 ind  a978-979-21-2703-4 0010-071100000000393 aInd aYOPD DIY a808.88 aDEP 808.88 Goo E aFelicitas D Goodman aEksorsismebMisteri Kematian Anneliese MichelcFelicitas D Goodman aCet 1 aYogyakartabKanisiusc2010 a424 hlmc19 cm aKisah Kehidupan aHadi, P. Hardono aYOPDYOG aCB - D.11 - 2010 - 1882